000 00486nam a2200181Ia 4500
001 19603
003 GE_BSU
008 181216s||||||||xx |||||||||||||| ||und||
040 _cGE_BSU
245 _aგადასახადები №12. 2016 cd.
260 _c2016
300 _acd
653 _acd
653 _aგადასახადები №12. 2016
653 _aდისკი
653 _aელექტრონული ჟურნალი
942 _cCF
999 _c52579
_d52579